000 00909cab a2200241 4500
001 ABS54595
008 090401t1996 xxu||||| |||| 00| 0 eng d
035 _a(Sirsi) u11260
041 _aeng
100 _aHinds, J.
245 _aPPG 13: a guide to better practice?
260 _c1996
350 _a0
490 _aProperty Review
_v6(1) February 1996, 18-20(3)
520 _aDiscusses the background to "PPG 13: a guide to better practice". Expands on the objectives of PPG 13 and addresses a number of issues including the use developers` funds to create a local transport framework, the use of accessibility profiles and how to measure transport implications of development.
650 _aOUT-OF-TOWN DEVELOPMENT
650 _aPLANNING POLICY
650 _aPLANNING POLICY GUIDANCE NOTE 13
650 _aTRANSPORT
690 _aPLANNING LAW AND PRACTICE
942 _n0
948 _c04/03/1997
999 _c7167
_d7167